| 000 | 01008cam a22002895a 4500 | ||
|---|---|---|---|
| 001 | 17859788 | ||
| 005 | 20150811152149.0 | ||
| 008 | 130821t2014 gaua frbd 001 0 eng d | ||
| 020 | _a0881737127 (alk. paper) | ||
| 020 | _a9781482228885 (Taylor & Francis distribution : alk. paper) | ||
| 020 | _z0881737135 (electronic) | ||
| 040 |
_aDLC _beng _cDLC _dDLC _dEG-ScBUE |
||
| 050 | 0 | 0 |
_aTJ778 _b.G48 2014 |
| 082 | 0 | 0 |
_a621.433 _222 _bGIA |
| 100 | 1 |
_aGiampaolo, Tony, _d1939- _938323 |
|
| 245 | 1 | 0 |
_aGas turbine handbook : _bprinciples and practice / _cby Tony Giampaolo. |
| 250 | _a5th ed. | ||
| 260 |
_aLilburn : _bThe Fairmont Press ; _aBoca Raton ; _aLondon : _bCRC Press / Taylor & Francis Group, _cc.2014. |
||
| 300 |
_axv, 507 p. : _bill ; _c24 cm. |
||
| 500 | _aIndex : p. 495-430. | ||
| 500 | _aGlossary : p. 493-507. | ||
| 504 | _aIncludes bibliographical references. | ||
| 650 | 0 |
_aGas-turbines _2BUEsh |
|
| 653 |
_bENGGEN _cJune2015 _cAugust2015 |
||
| 655 |
_vreading book _934232 |
||
| 942 | _2ddc | ||
| 999 |
_c19596 _d19568 |
||